Marine phytoplankton : (Record no. 3352)
[ view plain ]
| 000 -LEADER | |
|---|---|
| fixed length control field | 02255cam a2200589 a 4500 |
| 006 - FIXED-LENGTH DATA ELEMENTS--ADDITIONAL MATERIAL CHARACTERISTICS--GENERAL INFORMATION | |
| fixed length control field | m o d |
| 007 - PHYSICAL DESCRIPTION FIXED FIELD--GENERAL INFORMATION | |
| fixed length control field | cr bn||||||abp |
| 007 - PHYSICAL DESCRIPTION FIXED FIELD--GENERAL INFORMATION | |
| fixed length control field | cr bn||||||ada |
| 008 - FIXED-LENGTH DATA ELEMENTS--GENERAL INFORMATION | |
| fixed length control field | 100712s1993 caua ob 001 0 eng d |
| 020 ## - INTERNATIONAL STANDARD BOOK NUMBER | |
| International Standard Book Number | 9780323138277 |
| Qualifying information | (electronic bk.) |
| 020 ## - INTERNATIONAL STANDARD BOOK NUMBER | |
| International Standard Book Number | 0323138276 |
| Qualifying information | (electronic bk.) |
| 040 ## - CATALOGING SOURCE | |
| Original cataloging agency | IMU Kochi Library |
| Language of cataloging | eng |
| 041 0# - LANGUAGE CODE | |
| Language code of text/sound track or separate title | eng |
| 082 04 - DEWEY DECIMAL CLASSIFICATION NUMBER | |
| Classification number | 589.4 |
| Edition number | 20 |
| 245 00 - TITLE STATEMENT | |
| Title | Marine phytoplankton : |
| Sub Title | a guide to naked flagellates and coccolithophorids / |
| 260 ## - PUBLICATION, DISTRIBUTION, ETC. (IMPRINT) | |
| Place of publication, distribution, etc | San Diego : |
| Name of publisher, distributor, etc | Academic Press, |
| Date of publication, distribution, etc | �1993. |
| 300 ## - PHYSICAL DESCRIPTION | |
| Extent | 1 online resource (xiii, 263 pages) : |
| Other physical details | illustrations |
| 504 ## - BIBLIOGRAPHY, ETC. NOTE | |
| Bibliography, etc | Includes bibliographical references and index. |
| 650 #0 - SUBJECT ADDED ENTRY--TOPICAL TERM | |
| Topical term or geographic name as entry element | Marine phytoplankton |
| Form subdivision | Identification. |
| 650 #0 - SUBJECT ADDED ENTRY--TOPICAL TERM | |
| Topical term or geographic name as entry element | Phytoflagellates |
| Form subdivision | Identification. |
| 650 #0 - SUBJECT ADDED ENTRY--TOPICAL TERM | |
| Topical term or geographic name as entry element | Coccolithophores |
| Form subdivision | Identification. |
| 650 #6 - SUBJECT ADDED ENTRY--TOPICAL TERM | |
| Topical term or geographic name as entry element | Phytoplancton marin |
| Form subdivision | Identification. |
| 650 #6 - SUBJECT ADDED ENTRY--TOPICAL TERM | |
| Topical term or geographic name as entry element | Phytoflagell�es |
| Form subdivision | Identification. |
| 650 #7 - SUBJECT ADDED ENTRY--TOPICAL TERM | |
| Topical term or geographic name as entry element | NATURE |
| General subdivision | Plants |
| -- | Mushrooms. |
| Source of heading or term | bisacsh |
| 650 #7 - SUBJECT ADDED ENTRY--TOPICAL TERM | |
| Topical term or geographic name as entry element | Coccolithophores. |
| Source of heading or term | fast |
| 650 #7 - SUBJECT ADDED ENTRY--TOPICAL TERM | |
| Topical term or geographic name as entry element | Marine phytoplankton. |
| Source of heading or term | fast |
| 650 #7 - SUBJECT ADDED ENTRY--TOPICAL TERM | |
| Topical term or geographic name as entry element | Phytoflagellates. |
| Source of heading or term | fast |
| 650 #7 - SUBJECT ADDED ENTRY--TOPICAL TERM | |
| Topical term or geographic name as entry element | Phytoflagellaten |
| Source of heading or term | gnd |
| 650 #7 - SUBJECT ADDED ENTRY--TOPICAL TERM | |
| Topical term or geographic name as entry element | Meeresplankton |
| Source of heading or term | gnd |
| 650 #7 - SUBJECT ADDED ENTRY--TOPICAL TERM | |
| Topical term or geographic name as entry element | Bestimmungsbuch |
| Source of heading or term | gnd |
| 650 #7 - SUBJECT ADDED ENTRY--TOPICAL TERM | |
| Topical term or geographic name as entry element | Coccolithophoridae |
| Source of heading or term | gnd |
| 650 #7 - SUBJECT ADDED ENTRY--TOPICAL TERM | |
| Topical term or geographic name as entry element | Comunidades Marinhas |
| General subdivision | Plancton. |
| Source of heading or term | larpcal |
| 650 #7 - SUBJECT ADDED ENTRY--TOPICAL TERM | |
| Topical term or geographic name as entry element | Phytoplancton marin |
| General subdivision | Identification. |
| Source of heading or term | ram |
| 650 #7 - SUBJECT ADDED ENTRY--TOPICAL TERM | |
| Topical term or geographic name as entry element | Phytoflagell�es |
| General subdivision | Identification. |
| Source of heading or term | ram |
| 650 #7 - SUBJECT ADDED ENTRY--TOPICAL TERM | |
| Topical term or geographic name as entry element | Coccolithophores |
| General subdivision | Identification. |
| Source of heading or term | ram |
| 650 07 - SUBJECT ADDED ENTRY--TOPICAL TERM | |
| Topical term or geographic name as entry element | Meer. |
| Source of heading or term | swd |
| 655 #7 - INDEX TERM--GENRE/FORM | |
| Genre/form data or focus term | Field guides. |
| Source of term | fast |
| 700 1# - ADDED ENTRY--PERSONAL NAME | |
| Personal name | Tomas, Carmelo R. |
| 700 1# - ADDED ENTRY--PERSONAL NAME | |
| Personal name | Throndsen, Jahn. |
| 700 1# - ADDED ENTRY--PERSONAL NAME | |
| Personal name | Heimdal, Berit R. |
| 852 ## - LOCATION/CALL NUMBER | |
| Location | IMU Kochi Library |
| 856 ## - ELECTRONIC LOCATION AND ACCESS | |
| Uniform Resource Identifier | <a href="https://www.sciencedirect.com/science/book/9780126930108">https://www.sciencedirect.com/science/book/9780126930108</a> |
| 904 ## - LOCAL DATA ELEMENT D, LDD (RLIN) | |
| CATALOGER | Rudra Ranjan |
| 905 ## - LOCAL DATA ELEMENT E, LDE (RLIN) | |
| VERIFIER | Rudra Ranjan |
| 942 ## - ADDED ENTRY ELEMENTS (KOHA) | |
| Item type | E-Book |
| 338 ## - | |
| -- | online resource |
| 650 #6 - SUBJECT ADDED ENTRY--TOPICAL TERM | |
| -- | (CaQQLa)201-0049942 |
| -- | (CaQQLa)201-0378252 |
| 650 #6 - SUBJECT ADDED ENTRY--TOPICAL TERM | |
| -- | (CaQQLa)201-0275595 |
| -- | (CaQQLa)201-0378252 |
| 650 #7 - SUBJECT ADDED ENTRY--TOPICAL TERM | |
| -- | (OCoLC)fst00866043 |
| 650 #7 - SUBJECT ADDED ENTRY--TOPICAL TERM | |
| -- | (OCoLC)fst01009802 |
| 650 #7 - SUBJECT ADDED ENTRY--TOPICAL TERM | |
| -- | (OCoLC)fst01063242 |
| 650 #7 - SUBJECT ADDED ENTRY--TOPICAL TERM | |
| -- | (DE-588)4174636-3 |
| 650 #7 - SUBJECT ADDED ENTRY--TOPICAL TERM | |
| -- | (DE-588)4204929-5 |
| 650 #7 - SUBJECT ADDED ENTRY--TOPICAL TERM | |
| -- | (DE-588)4144950-2 |
| 650 #7 - SUBJECT ADDED ENTRY--TOPICAL TERM | |
| -- | (DE-588)4164617-4 |
| 655 #7 - INDEX TERM--GENRE/FORM | |
| -- | (OCoLC)fst01940354 |
No items available.